[Event "4NCL 2014-15"]
[Site "Hinckley Island ENG"]
[Date "2014.11.16"]
[Round "2.111"]
[White "Turner, Matthew J"]
[Black "Speelman, Jon S"]
[Result "1/2-1/2"]
[WhiteTitle "GM"]
[BlackTitle "GM"]
[WhiteElo "2485"]
[BlackElo "2501"]
[WhiteTeam "Barbican 4NCL 1"]
[BlackTeam "Wood Green HK"]
[WhiteFideId "402893"]
[BlackFideId "400033"]
[EventDate "2014.11.15"]

1. d4 e6 2. Nf3 Nf6 3. g3 b5 4. Bg2 Bb7 5. O-O Be7 6. Nbd2 O-O 7. c4 bxc4 8.
Nxc4 Bd5 9. b3 a5 10. Nb2 c5 11. Na4 Na6 12. Ba3 Rc8 13. dxc5 1/2-1/2

[Event "4NCL 2014-15"]
[Site "Hinckley Island ENG"]
[Date "2014.11.16"]
[Round "2.112"]
[White "Greet, Andrew N"]
[Black "Collins, Sam E."]
[Result "1/2-1/2"]
[WhiteTitle "IM"]
[BlackTitle "IM"]
[WhiteElo "2454"]
[BlackElo "2490"]
[WhiteTeam "Wood Green HK"]
[BlackTeam "Barbican 4NCL 1"]
[WhiteFideId "405817"]
[BlackFideId "2501198"]
[EventDate "2014.11.15"]

1. d4 d5 2. c4 dxc4 3. e3 e5 4. Bxc4 exd4 5. exd4 Nf6 6. Nc3 Bd6 7. Qe2+ Qe7 8.
Qxe7+ Bxe7 9. Nf3 c6 10. O-O O-O 11. Re1 Bd6 12. Bg5 Nbd7 13. Bb3 h6 14. Bh4 Nh5
15. Ne4 Bb4 16. Re3 g5 17. a3 Ba5 18. Nfxg5 hxg5 19. Bxg5 Kg7 20. Be7 Bc7 21.
Rf3 f6 22. Ng5 Nb6 23. Bxf8+ Kxf8 24. Re1 Nd5 25. Bxd5 cxd5 26. Ne6+ Bxe6 27.
Rxe6 Kf7 28. Rfe3 Be5 29. R6xe5 fxe5 30. Rxe5 Re8 31. Rxe8 Kxe8 32. g3 Ng7 33.
f3 Nf5 34. Kf2 a5 35. Ke2 Nxd4+ 36. Ke3 Nc6 37. h4 Kf7 38. f4 a4 39. g4 Kg7 40.
f5 d4+ 41. Ke4 Ne5 42. Kxd4 Nxg4 43. Kc4 Ne3+ 44. Kb4 Nd1 45. Kxa4 Nxb2+ 46. Kb3
Nd3 47. Kc4 Ne5+ 48. Kc5 Kf6 49. Kb6 1/2-1/2

[Event "4NCL 2014-15"]
[Site "Hinckley Island ENG"]
[Date "2014.11.16"]
[Round "2.113"]
[White "D'Costa, Lorin A R"]
[Black "Shaw, John"]
[Result "1-0"]
[WhiteTitle "IM"]
[BlackTitle "GM"]
[WhiteElo "2430"]
[BlackElo "2430"]
[WhiteTeam "Barbican 4NCL 1"]
[BlackTeam "Wood Green HK"]
[WhiteFideId "409219"]
[BlackFideId "2400553"]
[EventDate "2014.11.15"]

1. c4 e5 2. g3 c6 3. d4 e4 4. Bg2 d5 5. Nc3 Nf6 6. cxd5 cxd5 7. Bg5 Nbd7 8. Rc1
Bd6 9. Qa4 O-O 10. Nxd5 Nb6 11. Nxb6 Qxb6 12. Bxf6 gxf6 13. Bxe4 Qxb2 14. Rb1
Qc3+ 15. Kf1 Kg7 16. Kg2 Re8 17. Bxb7 Bxb7+ 18. Rxb7 Rab8 19. Rxa7 Re4 20. Qa6
Qxd4 21. Nf3 Qc5 22. Rd1 Bc7 23. e3 Rb2 24. Rb7 Bb6 25. Rd2 Rb1 26. Rdd7 Qc1 27.
Rxf7+ Kg6 28. Rg7+ Kf5 29. Qd3 Qh1+ 30. Kh3 Rd1 31. g4+ Ke6 32. Rbe7# 1-0

[Event "4NCL 2014-15"]
[Site "Hinckley Island ENG"]
[Date "2014.11.16"]
[Round "2.114"]
[White "Houska, Jovanka"]
[Black "Sanders, Isaac B"]
[Result "1-0"]
[WhiteTitle "IM"]
[BlackTitle "FM"]
[WhiteElo "2388"]
[BlackElo "2305"]
[WhiteTeam "Wood Green HK"]
[BlackTeam "Barbican 4NCL 1"]
[WhiteFideId "405094"]
[BlackFideId "417661"]
[EventDate "2014.11.15"]

1. d4 Nf6 2. Nf3 e6 3. c4 b6 4. g3 Ba6 5. b3 Bb7 6. Bg2 Bb4+ 7. Bd2 Be7 8. Nc3
O-O 9. O-O Na6 10. d5 exd5 11. Nd4 c6 12. cxd5 cxd5 13. Nf5 Nc5 14. Bf4 Ne6 15.
Be5 d6 16. Nxe7+ Qxe7 17. Bxf6 Qxf6 18. Nxd5 Bxd5 19. Bxd5 Rac8 20. Qd2 Qc3 21.
Rfd1 Rfd8 22. Qxc3 Rxc3 23. Rac1 Nd4 24. Kf1 Rc5 25. Bc4 Nc6 26. a3 Ne5 27. Ba6
Ra5 28. Rxd6 Rf8 29. Bb7 Rxa3 30. Bd5 g6 31. h3 g5 32. Rc7 Ra1+ 33. Kg2 Ra2 34.
f4 gxf4 35. gxf4 Ng6 36. Kf3 Rd2 37. Rxf7 1-0

[Event "4NCL 2014-15"]
[Site "Hinckley Island ENG"]
[Date "2014.11.16"]
[Round "2.115"]
[White "Griffiths, Ryan Rhys"]
[Black "Pein, Malcolm"]
[Result "1/2-1/2"]
[WhiteTitle "FM"]
[BlackTitle "IM"]
[WhiteElo "2348"]
[BlackElo "2344"]
[WhiteTeam "Barbican 4NCL 1"]
[BlackTeam "Wood Green HK"]
[WhiteFideId "2502054"]
[BlackFideId "400289"]
[EventDate "2014.11.15"]

1. c4 Nf6 2. Nc3 g6 3. g3 Bg7 4. Bg2 O-O 5. e4 d6 6. Nge2 c6 7. O-O a6 8. d3
Nbd7 9. h3 b5 10. a3 Rb8 11. Rb1 Bb7 12. Be3 Nb6 13. b3 Ba8 14. Qd2 Qd7 15. c5
dxc5 16. Bxc5 Qd8 17. Be3 e5 18. f4 Nfd7 19. fxe5 c5 20. b4 cxb4 21. axb4 Nxe5
22. Rbd1 Rc8 23. Bc5 Re8 24. d4 Nec4 25. Qf4 Qd7 26. Rf2 Re6 27. Qc1 Ree8 28.
Rdf1 f5 29. e5 Bxg2 30. Rxg2 Nd5 31. Nxd5 Qxd5 32. Nf4 Qb7 33. h4 a5 34. h5 axb4
35. hxg6 hxg6 36. Nxg6 Rxc5 37. dxc5 Qc6 38. g4 Qxc5+ 39. Kh1 fxg4 40. Qf4 Qd5
41. Kg1 Rxe5 42. Nxe5 Nxe5 43. Rxg4 Nxg4 44. Qxg4 Qd4+ 1/2-1/2

[Event "4NCL 2014-15"]
[Site "Hinckley Island ENG"]
[Date "2014.11.16"]
[Round "2.116"]
[White "Hegarty, Sarah N"]
[Black "Cox, John J"]
[Result "1/2-1/2"]
[WhiteTitle "WFM"]
[BlackTitle "IM"]
[WhiteElo "2078"]
[BlackElo "2361"]
[WhiteTeam "Wood Green HK"]
[BlackTeam "Barbican 4NCL 1"]
[WhiteFideId "2501465"]
[BlackFideId "401064"]
[EventDate "2014.11.15"]

1. e4 e5 2. Bc4 Nf6 3. d3 c6 4. Nf3 d5 5. Bb3 a5 6. a4 Bb4+ 7. c3 Bd6 8. Bg5
dxe4 9. dxe4 O-O 10. O-O Qe7 11. Nbd2 Nbd7 12. Re1 Nc5 13. Bc2 Ne6 14. Bh4 Nf4
15. Nc4 Bc7 16. Ne3 Rd8 17. Qb1 Ng6 18. Bg3 Nh5 19. Bb3 Nxg3 20. hxg3 Nf8 21.
Qc2 g6 22. Rad1 Kg7 23. Qe2 Be6 24. Bxe6 Qxe6 25. Qc4 f6 26. Nd2 Bb6 27. Qxe6
Nxe6 28. Nec4 Bc7 29. Nb3 b6 30. Kf1 Kf7 31. Ke2 h5 32. Rh1 Ke7 33. Ne3 Rxd1 34.
Kxd1 Ng7 35. Kc2 Ke6 36. Re1 Rf8 37. Nd2 Ne8 38. Rh1 Ng7 39. Re1 f5 40. exf5+
gxf5 41. Nf3 Kf6 42. Nc4 Re8 43. Rd1 Re7 44. b4 Ne6 45. Ne3 Rg7 46. Nh4 f4 47.
gxf4 exf4 48. Nef5 Rg5 49. Nd6 Bxd6 50. Rxd6 axb4 51. Rxc6 bxc3 52. Kxc3 Ke7 1/2-1/2

[Event "4NCL 2014-15"]
[Site "Hinckley Island ENG"]
[Date "2014.11.16"]
[Round "2.117"]
[White "Knott, Simon J B"]
[Black "Hagesather, Arne"]
[Result "1/2-1/2"]
[WhiteTitle "IM"]
[WhiteElo "2316"]
[BlackElo "2072"]
[WhiteTeam "Barbican 4NCL 1"]
[BlackTeam "Wood Green HK"]
[WhiteFideId "400645"]
[BlackFideId "1502476"]
[EventDate "2014.11.15"]

1. Nf3 e6 2. c4 Nf6 3. g3 d5 4. d4 Bb4+ 5. Bd2 Bxd2+ 6. Nbxd2 a5 7. Bg2 O-O 8.
O-O Nbd7 9. Qc2 c6 10. e4 dxe4 11. Nxe4 c5 12. Rad1 Nxe4 13. Qxe4 cxd4 14. Nxd4
Qg5 15. h4 Qc5 16. Nb5 Nf6 17. Qd4 Qxd4 18. Rxd4 e5 19. Rd6 Rb8 20. Re1 Be6 21.
b3 Nd7 22. Nc7 Bf5 23. Nd5 Rfe8 24. Nb6 Nf6 25. Nd5 Nd7 26. Be4 Bxe4 27. Rxe4 f5
28. Re2 Nc5 29. Nc7 Re7 30. Nd5 Ree8 1/2-1/2

[Event "4NCL 2014-15"]
[Site "Hinckley Island ENG"]
[Date "2014.11.16"]
[Round "2.118"]
[White "Pein, Jonathan"]
[Black "Bhatia, Kanwal K"]
[Result "0-1"]
[BlackTitle "WFM"]
[WhiteElo "1749"]
[BlackElo "2028"]
[WhiteTeam "Wood Green HK"]
[BlackTeam "Barbican 4NCL 1"]
[WhiteFideId "417092"]
[BlackFideId "407496"]
[EventDate "2014.11.15"]

1. e4 e5 2. Nf3 Nc6 3. Bb5 a6 4. Bxc6 dxc6 5. O-O Bd6 6. d4 exd4 7. Qxd4 f6 8.
Be3 Be6 9. Nbd2 Ne7 10. Qc3 O-O 11. Nd4 Bf7 12. f4 Ng6 13. Rad1 Re8 14. Nf5 Bf8
15. Rfe1 Qc8 16. g3 Be6 17. Nd4 Bg4 18. Qc4+ Kh8 19. N4f3 Bd6 20. Bd4 Bxf3 21.
Nxf3 Qg4 22. Kf2 Bxf4 23. gxf4 Nxf4 24. Bc3 Nh3+ 25. Ke3 Qf4+ 26. Kd3 Qxf3+ 27.
Kd2 Qf4+ 0-1

[Event "4NCL 2014-15"]
[Site "Hinckley Island ENG"]
[Date "2014.11.16"]
[Round "2.121"]
[White "Wells, Peter K"]
[Black "Hebden, Mark L"]
[Result "1/2-1/2"]
[WhiteTitle "GM"]
[BlackTitle "GM"]
[WhiteElo "2457"]
[BlackElo "2498"]
[WhiteTeam "White Rose 1"]
[BlackTeam "Guildford 2"]
[WhiteFideId "400327"]
[BlackFideId "400084"]
[EventDate "2014.11.15"]

1. e4 e5 2. Nf3 Nc6 3. d4 exd4 4. Nxd4 Nf6 5. Nxc6 bxc6 6. e5 Qe7 7. Qe2 Nd5 8.
c4 Ba6 9. Nd2 g6 10. Nf3 Bg7 11. Bg5 f6 12. exf6 Qxe2+ 13. Bxe2 Nxf6 14. O-O-O
O-O-O 15. Rhe1 Rde8 16. Be3 Ne4 17. Nd2 Nxd2 18. Rxd2 d6 19. Kc2 c5 20. Rb1 Bb7
21. b4 Be4+ 22. Bd3 cxb4 23. Rxb4 Bxg2 24. c5 Kd7 25. Bb5+ Bc6 26. Bxc6+ Kxc6
27. cxd6 cxd6 28. Ra4 a5 29. Rxa5 Ra8 30. Rdd5 Rhf8 31. Rdb5 Be5 32. h4 h5 33.
Kd3 Bf6 34. Bg5 Rxa5 35. Rxa5 Bxg5 36. Rxg5 Rxf2 37. Rxg6 Rf4 38. Rg5 Rxh4 39.
a4 Rh1 40. a5 h4 41. a6 Kb6 42. Ra5 Ka7 43. Ke2 h3 44. Kf2 Rd1 45. Kg3 Rd3+ 46.
Kh2 d5 47. Ra2 d4 48. Ra4 Kb8 49. Rb4+ Ka8 50. Rc4 Ka7 51. Ra4 Kb8 1/2-1/2

[Event "4NCL 2014-15"]
[Site "Hinckley Island ENG"]
[Date "2014.11.16"]
[Round "2.122"]
[White "Zhou, Yang-Fan"]
[Black "McNab, Colin A"]
[Result "1/2-1/2"]
[WhiteTitle "IM"]
[BlackTitle "GM"]
[WhiteElo "2461"]
[BlackElo "2426"]
[WhiteTeam "Guildford 2"]
[BlackTeam "White Rose 1"]
[WhiteFideId "468584"]
[BlackFideId "2400030"]
[EventDate "2014.11.15"]

1. e4 g6 2. d4 d6 3. Be3 Bg7 4. Qd2 c6 5. Ne2 Nd7 6. f3 a6 7. g4 b5 8. h4 Nb6 9.
Ng3 h6 10. Nc3 Qc7 11. h5 g5 12. Nd1 Bd7 13. Nf5 Bxf5 14. gxf5 c5 15. Nf2 cxd4
16. Bxd4 Bxd4 17. Qxd4 Nf6 18. Ng4 Nbd7 19. a4 b4 20. O-O-O Qa7 21. a5 Qc7 22.
Nxf6+ Nxf6 23. Qxb4 O-O 24. Bc4 Rfc8 25. Rd4 Rab8 26. Qc3 Qc5 27. Rhd1 Qe5 28.
b3 Nxh5 29. Kb2 Nf4 30. R1d2 Kg7 31. b4 Rc7 32. Qb3 Rbc8 33. Bxa6 Rxc2+ 34. Qxc2
Rxc2+ 35. Kxc2 d5 36. exd5 Qxf5+ 37. Kb2 Qf6 38. Bc4 h5 39. b5 Qd6 40. Kb3 h4
41. a6 Qc5 42. Re4 h3 43. Re5 Kf6 44. Re1 1/2-1/2

[Event "4NCL 2014-15"]
[Site "Hinckley Island ENG"]
[Date "2014.11.16"]
[Round "2.123"]
[White "Webb, Matthew D"]
[Black "Smerdon, David"]
[Result "1/2-1/2"]
[BlackTitle "GM"]
[WhiteElo "2194"]
[BlackElo "2519"]
[WhiteTeam "White Rose 1"]
[BlackTeam "Guildford 2"]
[WhiteFideId "418250"]
[BlackFideId "3202305"]
[EventDate "2014.11.15"]

1. e4 e6 2. d4 d5 3. Nd2 c5 4. Ngf3 Nf6 5. exd5 exd5 6. Bb5+ Bd7 7. Bxd7+ Nbxd7
8. O-O Be7 9. dxc5 Nxc5 10. Nb3 Ncd7 11. c3 O-O 12. Nbd4 Re8 13. Be3 Bf8 14. Re1
Ne4 15. Nf5 Ndf6 16. Qb3 Qd7 17. N3d4 a6 18. f3 Nc5 19. Qc2 g6 20. Bg5 Rxe1+ 21.
Rxe1 Re8 22. Rd1 Nh5 23. Nh6+ Kh8 24. g4 f6 25. Bc1 Ng7 1/2-1/2

[Event "4NCL 2014-15"]
[Site "Hinckley Island ENG"]
[Date "2014.11.16"]
[Round "2.124"]
[White "Sarakauskas, Gediminas"]
[Black "Palliser, Richard J D"]
[Result "1/2-1/2"]
[WhiteTitle "IM"]
[BlackTitle "IM"]
[WhiteElo "2396"]
[BlackElo "2444"]
[WhiteTeam "Guildford 2"]
[BlackTeam "White Rose 1"]
[WhiteFideId "12800724"]
[BlackFideId "407372"]
[EventDate "2014.11.15"]

1. e4 c5 2. Nf3 Nc6 3. Bb5 Nf6 4. e5 Nd5 5. O-O Nc7 6. a4 d5 7. exd6 Qxd6 8. Nc3
Bg4 9. h3 Bh5 10. Ne4 Qd5 11. Nc3 Qd6 12. Ne4 Qd5 13. Nc3 1/2-1/2

[Event "4NCL 2014-15"]
[Site "Hinckley Island ENG"]
[Date "2014.11.16"]
[Round "2.125"]
[White "Adair, James R"]
[Black "Milliet, Sophie"]
[Result "1-0"]
[WhiteTitle "IM"]
[BlackTitle "IM"]
[WhiteElo "2421"]
[BlackElo "2390"]
[WhiteTeam "White Rose 1"]
[BlackTeam "Guildford 2"]
[WhiteFideId "406252"]
[BlackFideId "623725"]
[EventDate "2014.11.15"]

1. e4 d6 2. d4 Nf6 3. Nc3 e5 4. Nf3 Nbd7 5. Bc4 Be7 6. a4 O-O 7. O-O a6 8. a5 h6
9. h3 exd4 10. Nxd4 Ne5 11. Ba2 c5 12. Nde2 Nc6 13. Nf4 Nxa5 14. Ng6 Re8 15. Bf4
Nc6 16. Nxe7+ Rxe7 17. Qxd6 Be6 18. Bxe6 Rxe6 19. Qxd8+ Rxd8 20. f3 Nb4 21. Rfc1
Rc6 22. Nd1 Nh5 23. Be5 Re6 24. Bh2 Rd2 25. Ne3 Re2 26. Ra3 Nf6 27. Bg3 Rd2 28.
Be1 Rd7 29. Ra5 b6 30. Raa1 a5 31. Rd1 Red6 32. Rxd6 Rxd6 33. Bc3 Nh5 34. g4 Nf4
35. Be5 Nxh3+ 36. Kg2 Re6 37. Bxg7 Kxg7 38. Kxh3 Kf6 39. Rd1 Kg5 40. c3 1-0

[Event "4NCL 2014-15"]
[Site "Hinckley Island ENG"]
[Date "2014.11.16"]
[Round "2.126"]
[White "Wadsworth, Matthew J"]
[Black "Maroroa, Sue"]
[Result "1/2-1/2"]
[BlackTitle "WIM"]
[WhiteElo "2064"]
[BlackElo "2096"]
[WhiteTeam "Guildford 2"]
[BlackTeam "White Rose 1"]
[WhiteFideId "415804"]
[BlackFideId "4301498"]
[EventDate "2014.11.15"]

1. e4 e5 2. Nf3 Nc6 3. Bb5 a6 4. Ba4 Nf6 5. O-O Bc5 6. c3 b5 7. Bc2 d5 8. d4
dxe4 9. dxe5 Qxd1 10. Rxd1 exf3 11. exf6 gxf6 12. Bf4 Ne5 13. Be4 Rb8 14. Nd2
fxg2 15. Nf3 Bd6 16. Re1 O-O 17. Nxe5 fxe5 18. Bh6 Re8 19. Re3 Bf8 20. Bxf8 Rxf8
21. Bd5 Re8 22. Rae1 Bb7 23. Bxb7 Rxb7 24. Rxe5 Rxe5 25. Rxe5 Kf8 26. Rc5 a5 27.
Kxg2 a4 28. a3 Ke7 29. Rc6 Kd7 30. Rh6 c5 31. Rxh7 Kc6 32. Rh6+ Kd5 33. Rh4 Re7
34. Kf1 Re5 35. Rf4 Rh5 36. Kg2 f5 37. h3 Ke5 38. Rf3 f4 39. Rd3 Ke4 40. Rd2
Rg5+ 41. Kf1 f3 42. c4 bxc4 43. Rc2 Kd5 44. Rc3 Rg8 45. Rxf3 Rb8 46. Rf5+ Kd4
47. Rf4+ Kd3 48. Rf3+ Kd4 49. Rf4+ Kd3 50. Rf3+ Kd4 51. Rf4+ 1/2-1/2

[Event "4NCL 2014-15"]
[Site "Hinckley Island ENG"]
[Date "2014.11.16"]
[Round "2.127"]
[White "Gourlay, Iain"]
[Black "Wall, Gavin"]
[Result "1-0"]
[WhiteTitle "FM"]
[BlackTitle "IM"]
[WhiteElo "2378"]
[BlackElo "2321"]
[WhiteTeam "White Rose 1"]
[BlackTeam "Guildford 2"]
[WhiteFideId "2401533"]
[BlackFideId "2501244"]
[EventDate "2014.11.15"]

1. Nf3 d6 2. g3 e5 3. Bg2 f5 4. O-O Nf6 5. c4 Be7 6. Nc3 O-O 7. d4 e4 8. Ne1 c6
9. f3 exf3 10. Bxf3 Na6 11. Nd3 Qb6 12. Be3 Be6 13. b3 Nc7 14. Qd2 d5 15. Na4
Qa6 16. Bf4 Nfe8 17. Ndc5 Bxc5 18. Nxc5 Qb6 19. Na4 Qa6 20. Nc5 Qb6 21. Qe3 Bc8
22. Qe5 dxc4 23. bxc4 a5 24. Rab1 Qa7 25. Be3 Rf6 26. d5 Nd6 27. Rfc1 b6 28. Na4
Nf7 29. Qc3 c5 30. Bf4 Bd7 31. d6 Bxa4 32. dxc7 Bc6 33. Rd1 Rc8 34. Bxc6 Rxc6
35. Rd7 Re6 36. Qd3 Qb7 37. Rd8+ Re8 38. Rxe8+ Rxe8 39. Qd5 Qxd5 40. cxd5 1-0

[Event "4NCL 2014-15"]
[Site "Hinckley Island ENG"]
[Date "2014.11.16"]
[Round "2.128"]
[White "Povah, Nigel E"]
[Black "Townsend, M Paul"]
[Result "1-0"]
[WhiteTitle "IM"]
[WhiteElo "2324"]
[BlackElo "2249"]
[WhiteTeam "Guildford 2"]
[BlackTeam "White Rose 1"]
[WhiteFideId "400467"]
[BlackFideId "402320"]
[EventDate "2014.11.15"]

1. d4 g6 2. e4 Bg7 3. Nc3 d6 4. Be3 a6 5. Qd2 Nd7 6. Nf3 b5 7. a4 b4 8. Ne2 c5
9. Ng3 Bb7 10. Bd3 Ngf6 11. Bh6 Bxh6 12. Qxh6 cxd4 13. Nxd4 Nc5 14. O-O Qb6 15.
a5 Qa7 16. Nf3 Ncxe4 17. Nxe4 Bxe4 18. Bxe4 Nxe4 19. Qg7 Rf8 20. Rae1 d5 21. Nd4
Rc8 22. Re2 Rc4 23. Rd1 Qd7 24. f3 Ng5 25. Rde1 Rc7 26. h4 Ne6 27. Nxe6 fxe6 28.
Rxe6 Qd8 29. Qxh7 1-0

[Event "4NCL 2014-15"]
[Site "Hinckley Island ENG"]
[Date "2014.11.16"]
[Round "2.131"]
[White "Lawton, Geoff W"]
[Black "Richardson, John R"]
[Result "0-1"]
[WhiteTitle "IM"]
[BlackTitle "FM"]
[WhiteElo "2389"]
[BlackElo "2334"]
[WhiteTeam "Warwickshire Select 1"]
[BlackTeam "The AD's"]
[WhiteFideId "400483"]
[BlackFideId "401617"]
[EventDate "2014.11.15"]

1. e4 d5 2. d3 dxe4 3. dxe4 Qxd1+ 4. Kxd1 Nf6 5. f3 e5 6. c3 Bc5 7. Bg5 Be6 8.
Nd2 Nc6 9. Bc4 O-O-O 10. Bxe6+ fxe6 11. Ke2 h6 12. Bh4 g5 13. Be1 a5 14. Nh3 g4
15. fxg4 Nxg4 16. Nf3 Rhg8 17. g3 Nf6 18. Nd2 Rg4 19. Nf2 Bxf2 20. Bxf2 Nxe4 21.
Nxe4 Rxe4+ 22. Be3 h5 23. Raf1 Ne7 24. Kf3 Rg4 25. Ke2 Nf5 26. Rd1 Rdg8 27. Bf2
h4 28. gxh4 Re4+ 29. Kd3 Rf4 30. Rhg1 Rxg1 31. Bxg1 Nxh4 32. Be3 Rg4 33. Rg1
Rxg1 34. Bxg1 Nf3 35. Be3 Nxh2 36. Ke4 Kd7 37. Bg5 Kd6 38. b3 a4 39. Bc1 axb3
40. axb3 Ng4 41. Bg5 Nf2+ 42. Ke3 Nh3 43. Bf6 Nf4 44. Ke4 Ng6 45. Bg5 Nf8 46. c4
Nd7 47. b4 c5 48. b5 Nb6 49. Kd3 e4+ 0-1

[Event "4NCL 2014-15"]
[Site "Hinckley Island ENG"]
[Date "2014.11.16"]
[Round "2.132"]
[White "Merry, Alan B"]
[Black "Mason, Donald J"]
[Result "1-0"]
[WhiteTitle "FM"]
[WhiteElo "2349"]
[BlackElo "2138"]
[WhiteTeam "The AD's"]
[BlackTeam "Warwickshire Select 1"]
[WhiteFideId "418811"]
[BlackFideId "405116"]
[EventDate "2014.11.15"]

1. e4 e6 2. d4 d5 3. Nc3 Bb4 4. e5 c5 5. a3 Bxc3+ 6. bxc3 Ne7 7. Qg4 Qc7 8. Bd3
cxd4 9. Ne2 dxc3 10. Qxg7 Rg8 11. Qxh7 Qxe5 12. h4 Rxg2 13. Bg5 Nbc6 14. Kf1 Rh2
15. Rg1 Rh3 16. Re1 Qd6 17. Nf4 e5 18. Qh8+ Kd7 19. Nxh3 Kc7 20. Rg2 Bxh3 21.
Qxa8 e4 22. Bxe7 Qh2 23. Bxe4 dxe4 24. Qg8 Qh1+ 25. Ke2 Qxg2 26. Qxg2 Bxg2 27.
Bf6 1-0

[Event "4NCL 2014-15"]
[Site "Hinckley Island ENG"]
[Date "2014.11.16"]
[Round "2.133"]
[White "Pitcher, John"]
[Black "Wheeler, Darren P"]
[Result "1/2-1/2"]
[WhiteElo "2232"]
[BlackElo "2268"]
[WhiteTeam "Warwickshire Select 1"]
[BlackTeam "The AD's"]
[WhiteFideId "411485"]
[BlackFideId "410136"]
[EventDate "2014.11.15"]

1. e4 e6 2. d3 d5 3. Nd2 Nf6 4. Ngf3 b6 5. c3 Bb7 6. Qa4+ c6 7. Be2 Qc7 8. O-O
Nbd7 9. Re1 Bd6 10. exd5 cxd5 11. Nf1 h6 12. Ng3 Bc6 13. Qc2 O-O 14. Nd4 Rfe8
15. a4 a6 16. Nxc6 Qxc6 17. Be3 b5 18. Rec1 Rec8 19. axb5 axb5 1/2-1/2

[Event "4NCL 2014-15"]
[Site "Hinckley Island ENG"]
[Date "2014.11.16"]
[Round "2.134"]
[White "Snape, Ian L"]
[Black "Lam, Paul G M"]
[Result "1-0"]
[WhiteElo "2161"]
[BlackElo "2123"]
[WhiteTeam "The AD's"]
[BlackTeam "Warwickshire Select 1"]
[WhiteFideId "404489"]
[BlackFideId "411566"]
[EventDate "2014.11.15"]

1. d4 Nc6 2. e4 d6 3. Nf3 Nf6 4. c3 Bg4 5. h3 Bh5 6. Be3 a6 7. Nbd2 e6 8. Qc2 d5
9. e5 Bg6 10. Bd3 Bxd3 11. Qxd3 Nd7 12. Nf1 Na5 13. Bg5 Qc8 14. Ne3 c5 15. O-O
b5 16. Nh2 h6 17. Bh4 h5 18. f4 c4 19. Qc2 Be7 20. Bxe7 Kxe7 21. f5 Rh6 22. Nf3
g6 23. fxe6 fxe6 24. Ng5 Qc6 25. Nf7 Rh7 26. Qxg6 Nf8 27. Qf6+ Kd7 28. Ng5 Re7
29. Qh6 Qc8 30. Rf6 Kc6 31. Nf5 1-0

[Event "4NCL 2014-15"]
[Site "Hinckley Island ENG"]
[Date "2014.11.16"]
[Round "2.135"]
[White "James, Ann-Marie"]
[Black "Swindells, Jonathan E"]
[Result "1/2-1/2"]
[WhiteTitle "WFM"]
[WhiteElo "2068"]
[BlackElo "2137"]
[WhiteTeam "Warwickshire Select 1"]
[BlackTeam "The AD's"]
[WhiteFideId "403644"]
[BlackFideId "421863"]
[EventDate "2014.11.15"]

1. e4 e5 2. Nf3 Nc6 3. Bb5 g6 4. c3 a6 5. Ba4 d6 6. d4 Bd7 7. O-O Bg7 8. Be3 Nf6
9. dxe5 Nxe5 10. Nxe5 dxe5 11. Nd2 O-O 12. f3 Bxa4 13. Qxa4 Qd3 14. Rfe1 Rfd8
15. Rad1 Qb5 16. Qc2 Nd7 17. c4 Qc6 18. Nb3 Qa4 19. c5 Nf8 20. Rc1 Ne6 21. c6
bxc6 22. Qxc6 Qxa2 23. Qc3 Rab8 24. Nd2 Qxb2 25. Qa5 Qb5 26. Ra1 Nd4 27. Bxd4
Qxa5 28. Rxa5 Rxd4 29. Nf1 Rd6 30. Ne3 Rb5 31. Rea1 Rxa5 32. Rxa5 Rc6 33. Nd5
Bf8 34. Kf2 f6 35. Kg3 Kf7 36. h4 Bd6 37. h5 gxh5 38. Ra1 Bf8 39. Kh4 Rc2 40.
Rxa6 c6 41. Ne3 Rc1 42. Kxh5 Bc5 43. Nf5 Bf2 44. Kg4 Ke6 45. Ng7+ Kf7 1/2-1/2

[Event "4NCL 2014-15"]
[Site "Hinckley Island ENG"]
[Date "2014.11.16"]
[Round "2.136"]
[White "Anderton, David W"]
[Black "Page, Mark E"]
[Result "1/2-1/2"]
[WhiteTitle "CM"]
[WhiteElo "2172"]
[BlackElo "2073"]
[WhiteTeam "The AD's"]
[BlackTeam "Warwickshire Select 1"]
[WhiteFideId "401668"]
[BlackFideId "417050"]
[EventDate "2014.11.15"]

1. d4 Nf6 2. c4 g6 3. g3 Bg7 4. Bg2 d6 5. Nf3 O-O 6. Nc3 Nc6 7. O-O a6 8. h3 Rb8
9. e4 b5 10. cxb5 axb5 11. Re1 e5 12. d5 b4 13. Nb1 Na5 14. b3 Bd7 15. Bb2 c5
16. dxc6 Bxc6 17. Nbd2 Qb6 18. Rc1 Bb5 19. Qc2 Nd7 20. Bf1 Bxf1 21. Rxf1 Qa6 22.
Rfd1 Rbc8 23. Qb1 Rxc1 24. Rxc1 Rc8 25. Rxc8+ Qxc8 26. Qd3 Qc5 27. Kg2 1/2-1/2

[Event "4NCL 2014-15"]
[Site "Hinckley Island ENG"]
[Date "2014.11.16"]
[Round "2.137"]
[White "Baruch, Andrew J D"]
[Black "Bellin, Jana M"]
[Result "1-0"]
[BlackTitle "WGM"]
[WhiteElo "2070"]
[BlackElo "2090"]
[WhiteTeam "Warwickshire Select 1"]
[BlackTeam "The AD's"]
[WhiteFideId "412236"]
[BlackFideId "402168"]
[EventDate "2014.11.15"]

1. g3 Nf6 2. Bg2 g6 3. Nf3 Bg7 4. O-O c5 5. c4 O-O 6. Nc3 Nc6 7. d4 cxd4 8. Nxd4
a6 9. Nc2 d6 10. b3 Bd7 11. Bb2 Rb8 12. Nd5 Nxd5 13. Bxg7 Kxg7 14. cxd5 Ne5 15.
Qd4 Kg8 16. h3 Be8 17. Rfc1 Nd7 18. e4 Nc5 19. Ne3 a5 20. e5 b5 21. Ng4 f6 22.
Re1 fxe5 23. Nxe5 dxe5 24. Qxc5 Rc8 25. Qe3 Rc2 26. Re2 Rxe2 27. Qxe2 Qb6 28.
Re1 Qd4 29. Qe3 Qb2 30. Re2 Qa1+ 31. Kh2 b4 32. Qc5 Qd4 33. Qxe7 Bb5 34. Qe6+
Kg7 35. Qxe5+ Qxe5 36. Rxe5 Rxf2 37. Kg1 Rxa2 38. d6 Ra1+ 39. Kh2 Bf1 40. d7 1-0